| 000 | 00812nmm a2200301 a 4500 | ||
|---|---|---|---|
| 003 | AR-BaBNM | ||
| 005 | 20251128204547.0 | ||
| 008 | 121120s1994 ||||||||||||||000 | spa|| | ||
| 020 | _a950-892-000-9 | ||
| 040 | _cAR-BaBNM | ||
| 100 | 1 | _aBerguier, Jorge | |
| 245 | 1 | 0 |
_aJuguemos a la matemática con el ajedrez _buna propuesta didáctica |
| 260 |
_aBuenos Aires _bLugar Editorial _c1994 |
||
| 300 |
_a95 p. _bil. |
||
| 500 | _aAnexo p. 81-95 | ||
| 650 | 4 | _aJUEGOS EDUCATIVOS | |
| 650 | 4 | _aENSENANZA DE LAS MATEMATICAS | |
| 650 | 4 | _aGEOMETRIA | |
| 650 | 4 | _aINTERDISCIPLINARIEDAD | |
| 650 | 4 | _aMATEMATICA | |
| 653 | _aAJEDREZ | ||
| 653 | _aEDUCACION PRIMARIA | ||
| 653 | _aEDUCACION SECUNDARIA | ||
| 700 | 1 | _aBerguier, Rubén | |
| 700 | 1 | _aRubinstein, Mariana | |
| 942 | _cBK | ||
| 998 | _cMarce | ||
| 999 |
_c7930 _d7930 |
||